Exercises in set theory
Αποθηκεύτηκε σε:
| Κύριος συγγραφέας: | |
|---|---|
| Μορφή: | Βιβλίο |
| Γλώσσα: | English |
| Δημοσίευση: |
Princeton, N.J. :
Van Nostrand,
c1966
|
| Σειρά: | Van Nostrand Reinhold Mathematical Studies ;
; 8 |
| Θέματα: | |
| Ετικέτες: |
Προσθήκη ετικέτας
Δεν υπάρχουν, Καταχωρήστε ετικέτα πρώτοι!
|
MARC
| LEADER | 00000cam a2200000 i 4500 | ||
|---|---|---|---|
| 001 | 1/96398 | ||
| 008 | 081103s1966 eng d | ||
| 035 | |l 10101325 | ||
| 040 | |a GR-MY-UA |b gre |e aacr | ||
| 041 | 0 | |a eng | |
| 082 | 0 | |a 511.3 |2 (22) | |
| 100 | 1 | |a Sigler, L. E. | |
| 245 | 1 | 0 | |a Exercises in set theory / |c L.E. Sigler |
| 260 | |a Princeton, N.J. : |b Van Nostrand, |c c1966 | ||
| 300 | |a 134 σ.; |c 20 εκ. | ||
| 490 | 1 | |a Van Nostrand mathematical studies |v ; 8 | |
| 504 | |a Περιέχει βιβλιογραφικές παραπομπές | ||
| 650 | 0 | 0 | |a Set theory |x Problems, exercises, etc. |
| 830 | 0 | |a Van Nostrand Reinhold Mathematical Studies ; |v ; 8 | |
| 852 | |a INST |b SAMOS |c MAG |e 20081103 |h 511.3 SIN |p 005300029726 |q 005300029726 |t BK |y 0 | ||
| 901 | |a BIBL3-2008-3 | ||
| 909 | |a Σ |b 155259 | ||
| 970 | |a ΡΟΥΣΣΟΥ |b ΚΩΝΣΤΑΝΤΙΝΑ |z 2008/10/03 | ||